| 000 | 00708nam a2200217 a 4500 | ||
|---|---|---|---|
| 001 | 000011451 | ||
| 005 | 20240412074226.0 | ||
| 008 | 091019s1997 dr r 000 c spa d | ||
| 040 |
_aDO-SdBNP _bspa _cBNPHU |
||
| 082 |
_aRD862.44 _bS161u |
||
| 100 | 1 |
_aSalcedo, Roberto _99536 |
|
| 245 | 1 | 0 |
_aUn intruso en el cielo / _cRoberto Salcedo. |
| 260 |
_aSanto Domingo : _bMendieta, _c1997. |
||
| 300 |
_a78 p. ; _c22 cm. |
||
| 500 | _aIncluye datos biográficos del autor en la solapa de la contracubierta. | ||
| 590 | _aInventariado, 2019/DG | ||
| 650 | 4 |
_aComedia dominicana _927140 |
|
| 650 | 0 |
_aTeatro dominicano _9637 |
|
| 650 | 0 |
_aLiteratura dominicana. _967 |
|
| 910 | _aValidado. Control de calidad. MFF | ||
| 999 |
_c11152 _d11152 |
||